00682nam a2200229Ia 4500003000900000008004100009040001300050040001300063041000800076100001700084100000900101245004800110250000900158260002500167260000900192300001100201300001200212490000600224942000700230999001700237952019800254IT-RoPAU120407s9999 xx 000 0 und d aIT-RoPAU cIT-RoPAU aita aLuigi Macali cofm. aIl problema del dolore secondo S. Agostino. aRoma aOff. Libri Cattolici c1943 a254 p. c24,5 cm v1 cBK c30538d30538 00102ddc406104_17000000000000071aPAULUSbPAULUSd2012-04-11l0o104.17r2012-04-11 00:00:00w2012-04-11yBKzInserito da: Jole In data: 12 settembre 2011 fondo: Via A.Severo 56 Progr:13985